01726cac a22004215a 450000100090000000300090000900500170001800800410003502000160007602000180009203500230011004000530013304100130018608200210019910000470022024501390026726400390040626400100044530000320045533600260048733700280051333800270054149000300056850400410059850500530063954600590069258600440075165000100079565100410080565300200084665500240086670000460089085600990093685600910103594200120112699900170113895201490115512591102EG-ScBUE20220327114213.0011116t2001 nyu f b 000 f eng d a0375413316  a9780375413315 a(OCoLC)ocm48175407 aJCLbengerdacJCLdDIVdEG-ScBUEdDLCdEG-ScBUE1 aenghara04a892.736222bMAH1 aMahfuz, Najib,d1911-2006,eauthor.92409314aThe Cairo trilogy /cNaguib Mahfouz ; translated by William Maynard Hutchins [and three others] ; with an introduction by Sabry Hafez. 1aNew York :bAlfred. Knopf,c[2001] 4cc2001 axliii, 1313 pages ;c21 cm. 2rdacontentatextbtxt 2rdamediaaunmediatedbn 2rdacarrieravolumebnc0 aEveryman's library ;v248 aIncludes bibliographical references.0 aPalace walk -- Palace of desire -- Sugar street. aText in English ; translated from the original Arabic. aWinner of The Nobel Prize in Literature 2BUEsh 792798aCairo (Egypt)xFiction.2BUEsh cMay2011bARALIT vReading book9342321 aHutchins, William M.,etranslator.924095423Contributor biographical informationuhttp://www.loc.gov/catdir/bios/random053/2001277061.html423Publisher descriptionuhttp://www.loc.gov/catdir/description/random044/2001277061.html 2ddccBB c15390d15390 00102ddc40708BaccahaMAINbMAINc2NDd2011-05-25epurchaseg348.00h12344l3m5o892.736 MAHp000023717r2025-07-15 00:00:00s2017-06-12yBB